MDQL
is popping MORE tags! Check the
thread
!
Quizzes
Events
Quiz Creation
Community
Videos
Private Events
Remove Ads
Sign In
Join for FREE
Feedback
Dark Mode
Quiz Categories
Sports
Geography
Music
Movies
Television
Just For Fun
Miscellaneous
History
Literature
Language
Science
Gaming
Entertainment
Religion
Holiday
For Kids
Quiz Lab
Recent
Popular Today
Quiz Kudos Today
Editor Picks
Curator Picks
Quizzes by...
Day
Popularity
Type
Ratings
Length
Year
Community
Subscriptions
Recent Discussions
Orange Saloon
Badges
Playlists
Quests
Create
Leaderboards
Showdown
Live 5
Trivia Bingo
Activity
Puzzle Library
Sporcle Events
Private Events
Virtual Trivia
Globe League
Become a Host
Pub Owners
SporcleCon
Opinionation
Our Games
Videos
Blog
Mobile Apps
Partnerships
Remove Ads and Go Orange
Feedback
Just For Fun
Clickable
Get the Picture
Humor
Quick Pick
Word Ladder
Missing Word
Mixed Word
Blitz
Minefield
This or That
Alphabet
Color
Typing
Sporcle
Puzzle
Word Play
Follow That Line
Logic
Just For Fun
Clickable
Get the Picture
Humor
Quick Pick
Word Ladder
Missing Word
Mixed Word
Blitz
Minefield
This or That
Alphabet
Color
Typing
Sporcle
Puzzle
Word Play
Follow That Line
Logic
Random Quiz
Search Sporcle
×
Quiz Lab
Quiz Lab
Just For Fun
1-200
Type in answers that appear in a list
Type in answers that appear in a list
Classic
Best Score? Go Orange.
1-200 Stats
Can you name the 1-200?
By
Zingzong36
3m
199 Questions
36 Plays
36 Plays
36 Plays
Comments
Comments
Give Quiz Kudos
Give Quiz Kudos
-
- Ratings
hide this ad
Replay
Link that replays current quiz
Next Quiz
Link to next quiz in quiz playlist
You Got
0%
They Got
Avg Score
68%
Avg Friend Score
Upgrade to see
Score Distribution
Jump to the score distribution portion of the page
Score
0/199
Timer
03:00
0
Plays Today
% Correct
12
94.4%
11
91.7%
13
91.7%
14
91.7%
10
88.9%
15
88.9%
20
88.9%
16
86.1%
17
86.1%
18
86.1%
19
86.1%
21
86.1%
22
86.1%
23
86.1%
24
86.1%
25
86.1%
26
86.1%
27
86.1%
28
86.1%
29
86.1%
30
83.3%
34
83.3%
45
83.3%
67
83.3%
32
80.6%
33
80.6%
35
80.6%
43
80.6%
50
80.6%
54
80.6%
56
80.6%
58
80.6%
76
80.6%
89
80.6%
98
80.6%
31
77.8%
36
77.8%
37
77.8%
38
77.8%
42
77.8%
44
77.8%
46
77.8%
47
77.8%
48
77.8%
49
77.8%
51
77.8%
52
77.8%
53
77.8%
55
77.8%
57
77.8%
59
77.8%
60
77.8%
61
77.8%
62
77.8%
63
77.8%
64
77.8%
65
77.8%
66
77.8%
68
77.8%
69
77.8%
71
77.8%
72
77.8%
73
77.8%
74
77.8%
75
77.8%
77
77.8%
90
77.8%
% Correct
91
77.8%
92
77.8%
93
77.8%
94
77.8%
95
77.8%
96
77.8%
97
77.8%
99
77.8%
39
75%
40
75%
41
75%
70
75%
79
75%
80
75%
83
75%
84
75%
85
75%
86
75%
87
75%
123
75%
81
72.2%
82
72.2%
88
72.2%
100
72.2%
101
69.4%
102
69.4%
103
69.4%
104
69.4%
105
69.4%
106
69.4%
107
69.4%
110
69.4%
112
69.4%
113
69.4%
114
69.4%
115
69.4%
116
69.4%
117
69.4%
118
69.4%
119
69.4%
120
69.4%
121
69.4%
125
69.4%
126
69.4%
127
69.4%
128
69.4%
134
69.4%
108
66.7%
109
66.7%
111
66.7%
122
66.7%
124
66.7%
129
66.7%
130
66.7%
131
66.7%
132
66.7%
133
66.7%
135
66.7%
136
66.7%
137
66.7%
138
66.7%
139
66.7%
140
66.7%
150
66.7%
141
63.9%
144
63.9%
151
63.9%
% Correct
152
63.9%
153
63.9%
154
63.9%
156
63.9%
160
63.9%
142
61.1%
143
61.1%
145
61.1%
146
61.1%
147
61.1%
148
61.1%
149
61.1%
157
61.1%
158
61.1%
159
61.1%
161
61.1%
162
55.6%
163
55.6%
164
55.6%
165
55.6%
171
55.6%
174
55.6%
166
52.8%
167
52.8%
168
52.8%
169
52.8%
170
52.8%
172
52.8%
173
52.8%
175
52.8%
176
52.8%
177
52.8%
178
52.8%
184
52.8%
3
50%
1
50%
2
50%
4
50%
5
50%
6
50%
7
50%
8
50%
9
50%
7
50%
179
50%
181
50%
182
50%
185
50%
186
47.2%
180
44.4%
183
44.4%
187
41.7%
188
41.7%
189
41.7%
193
41.7%
196
41.7%
197
41.7%
198
41.7%
199
41.7%
190
38.9%
191
38.9%
192
38.9%
194
38.9%
195
38.9%
200
38.9%
Quiz Playlist
Details
Report
Send in Message
Add To Playlist
Classic:
Type in answers that appear in a list
Last Updated: Feb 16, 2017
Quiz Scoreboard
CHALLENGE
Sign Up to Join the Scoreboard
Show All
Scores
Hide
Comments
May contain spoilers
Recently Published
Image Sorting: Flags VI
by Barbecue
Geography
2m
Find the 'City' Movie
by crazypaving
Movies
60s
Colored Red Africa Blitz
by spor1
Geography
45s
More to Explore
Quiz From the Vault
Featured Blog Post
14 Easter Pick-up Lines to Find Eggs With
hide this ad
You Might Also Like...
Tags
1-200
Today's Top Quizzes in Just For Fun
Browse Just For Fun
hide this ad
Top Contributed Quizzes in Just For Fun
1
Name Just One - 10 to 1: Just For Fun
2
Missing Word: 2-Letter A-Z II
3
Avatar the Last Airbender: Logic Puzzle
4
Missing Letter Whitney Houston Songs
5
It's Magic / Witchcraft 🎩🪄🧙♀️
6
Survivor Winners Logic Puzzle
7
Missing Word: 'Of' Things A-Z
8
Killer Double Trees 224 - Colour Match-Up
9
Click the Differences: Playground
10
Missing Word: 'Of' Things A-Z II
Explore More
Trending Topics
Harry Potter
Crossword
Marvel
NBA
Anime
Kpop
Disney
Puzzle
The Office
Soccer
Country
Pokémon
Song
NFL
WWE
hide this ad
More By:
Zingzong36
Quiz
Plays
Rating
Category
Featured
Created
Chocolate Chip Cookie Ingredients
1,075
1.60
Just For Fun
Sep 18, 2010
The Best Sodas by name
160
1.00
Just For Fun
Sep 17, 2010
Greek gods
100
2.50
Miscellaneous
Oct 4, 2010
Sporcle Categories
40
1.00
Just For Fun
Sep 18, 2010
1-200
36
1.00
Just For Fun
Sep 17, 2010
Go to Creator's Profile
Score Distribution
Quiz Creator Spotlight
Zingzong36
Follow
Send a Message
Quizzes Created
-
Created Quiz Play Count
-
More By This Creator
Popular Quizzes Today
1
Colored Red Africa Blitz
2
Find the US States - No Outlines Minefield
3
Find the 'City' Movie
4
5x2 Blitz: Bands
5
The Countries of the World
6
Find the US States
7
Find the Countries of Europe - No Outlines Minefield
8
US States
More Just For Fun Quizzes
Quick Pick: Metallica Songs Words
Published
Trending Quizzes
Colored Red Europe Blitz I
Colored Red Europe Blitz II
Colored Red Africa Blitz II
Colored Red Europe Blitz III
Colored Red Africa Blitz III
Recently Updated
How Do You Spell That?
pecheneg
Godzilla Movies
pecheneg
Grab Bag: 4-10 Letters
pecheneg
2024 March Madness Bracket
pecheneg
Famous TV Couples
Peacemaker
Champions League XIs: Real Madrid
pecheneg
Largest US Cities 1790-2010
pecheneg
Rides in Walt Disney World
pecheneg
Most Oscar Losses (Acting)
pecheneg
Beyoncé Albums
pecheneg
Trending Topics
Harry Potter
Crossword
Disney
Marvel
NBA
Kpop
Anime
Soccer
The Office
Song
Puzzle
Pokémon
Country
WWE
NFL
Your Account Isn't Verified!
In order to create a playlist on Sporcle, you need to verify the email address you used during registration. Go to your
Sporcle Settings
to finish the process.
Report this User
Report this user for behavior that violates our
Community Guidelines
.
Details:
Send Report
Go to the Sporcle.com Mobile Site →
Comments